| 000 | 01343cam a2200397 a 4500 | ||
|---|---|---|---|
| 999 |
_c122 _d122 |
||
| 001 | 6313247 | ||
| 003 | ALUPE UNIVERSITY | ||
| 005 | 20210603095657.0 | ||
| 008 | 100723s2011 oncac b 001 0deng | ||
| 016 | _a2010904424X | ||
| 020 | _a9780534274948 (access code card) | ||
| 020 | _a0534274943 (access code card) | ||
| 020 | _a9780176501808 | ||
| 020 | _a0176501800 | ||
| 035 | _aocn651119172 | ||
| 040 |
_aNLC _beng _cNLC _dCDX _dVP@ _dYDXCP _dAOAC |
||
| 050 | 4 |
_aHD62.5 _b.K568 2011 |
|
| 055 | 0 |
_aHD62.5 _bK568 2010 |
|
| 055 | 0 | 0 |
_aHD62 .5 _bK568 2011 fol. |
| 082 | 0 | 4 |
_a658.1/141 _223 |
| 090 |
_aHD 62.5 K66 2011 _bAOAC |
||
| 100 | 1 | _aKnowles, Ronald A. | |
| 245 | 1 | 0 |
_aSmall business : _ban entrepreneur's plan / _cRon Knowles, Chris Castillo. |
| 250 | _a6th Canadian ed. | ||
| 260 |
_aToronto : _bNelson Education, _cc2011. |
||
| 300 |
_axxvii, 438 p. : _bill., port. ; _c28 cm + _e1 student access code card. |
||
| 336 |
_atext _btxt _2rdacontent |
||
| 337 |
_aunmediated _bn _2rdamedia |
||
| 338 |
_avolume _bnc _2rdacarrier |
||
| 500 | _aAccompanied by student access code card affixed to p. [3] of cover. | ||
| 504 | _aIncludes bibliographical references and index. | ||
| 650 | 0 |
_aNew business enterprises _xPlanning. |
|
| 650 | 0 |
_aSmall business _xPlanning. |
|
| 700 | 1 |
_aCastillo, Chris, _d1969- |
|
| 942 |
_2lcc _cBK _nJO |
||